[Event "Deltalift Open 2017"]
[Site "Tylosand SWE"]
[Date "2017.05.26"]
[Round "6.7"]
[White "Ingbrandt,J"]
[Black "Andersson,Paul"]
[Result "1-0"]
[WhiteElo "2359"]
[BlackElo "2173"]

1.Nf3 f5 2.d3 d6 3.e4 e5 4.Nc3 c5 5.g3 Nf6 6.Bh3 g6 7.exf5 Bxf5 8.Bxf5 gxf5
9.Nh4 Qd7 10.Bg5 Bg7 11.Bxf6 Bxf6 12.Qh5+ Qf7 13.Qxf7+ Kxf7 14.Nxf5 Ke6 15.Ne3
Nc6 16.Ncd5 Rac8 17.c3 Rhf8 18.Rf1 Bg7 19.Kd2 Rf3 20.Ke2 Rcf8 21.a4 Bh8 22.a5
Bg7 23.Ra4 R3f7 24.a6 b5 25.Rh4 Rh8 26.f4 Nb8 27.f5+ Kd7 28.g4 Kc6 29.g5 Nxa6
30.f6 Bf8 31.g6 Rb7 32.g7 Bxg7 33.Ne7+ {#r} 1-0

[Event "ch-Flemish 2017"]
[Site "Ghent BEL"]
[Date "2017.05.26"]
[Round "4.2"]
[White "Cools,G"]
[Black "Bomans,A"]
[Result "1-0"]
[WhiteElo "2319"]
[BlackElo "2293"]

1.e4 c5 2.Nf3 e6 3.d3 Nc6 4.g3 g6 5.Bg2 Bg7 6.O-O Nge7 7.Re1 e5 8.a3 O-O 9.c3
d6 10.b4 b6 11.Nbd2 h6 12.Bb2 Bb7 13.Qb3 Qd7 14.Rad1 Rad8 15.Nc4 b5 16.Ne3 a6
17.d4 cxd4 18.cxd4 exd4 19.Nxd4 Nxd4 20.Bxd4 Qe6 21.Qd3 Rfe8 22.Bxg7 Kxg7
23.f4 Ng8 24.Qc3+ Kh7 25.Rd4 Nf6 26.Nc2 Rc8 27.Qd3 Qa2 28.Ne3 d5 29.e5 Ne4
30.Bxe4 dxe4 31.Qd2 Qxd2 32.Rxd2 Red8 33.Red1 Rxd2 34.Rxd2 Rc7 35.Rc2 Rd7
36.Ng4 Kg7 37.Nf6 Rd1+ 38.Kf2 h5 39.Rc7 Bd5 40.Rd7 Bb3 41.Rxd1 Bxd1 42.Nxe4
Bg4 43.Ke3 Kf8 44.Kd4 Ke7 45.Kc5 Bf3 46.Ng5 Bb7 47.Kb6 Bc8 48.Kc7 Bf5 49.Kb7
f6 50.exf6+ Kxf6 51.Kxa6 Bd7 52.Nf3 Kf5 53.Ne5 Be8 54.h4 Ke6 55.Kb7 Kd6 56.Kb6
Ke6 57.Kc7 Ke7 58.Kc8 {#r} 1-0

[Event "26th Chicago Open 2017"]
[Site "Chicago USA"]
[Date "2017.05.26"]
[Round "2.47"]
[White "Zhang,Chao"]
[Black "Fricano,P"]
[Result "1-0"]
[WhiteElo "2229"]
[BlackElo "2065"]
[EventType "swiss"]

1.Nf3 g6 2.g3 Bg7 3.Bg2 c5 4.O-O d5 5.d3 Nc6 6.Nbd2 Nf6 7.e4 O-O 8.c3 d4
9.cxd4 cxd4 10.Nb3 a5 11.a4 Qb6 12.Nbd2 Qa6 13.Qe2 Ng4 14.Nc4 Be6 15.b3 Nf6
16.Ba3 b5 17.axb5 Qxb5 18.Rfb1 Rfb8 19.Bc1 Bxc4 20.dxc4 Qc5 21.Ba3 Nb4 22.Ne1
Qh5 23.Bf3 Qc5 24.e5 Nd7 25.Nd3 Qa7 26.Bxb4 Nxe5 27.Nxe5 d3 28.Qxd3 Rxb4
29.Nc6 Qb7 30.Nxb4 {#r} 1-0

[Event "26th Chicago Open 2017"]
[Site "Chicago USA"]
[Date "2017.05.27"]
[Round "4.11"]
[White "Mandiza,F"]
[Black "Li,Ruifeng"]
[Result "0-1"]
[WhiteElo "2342"]
[BlackElo "2574"]
[EventType "swiss"]

1.Nf3 c5 2.g3 Nc6 3.Bg2 e5 4.O-O g6 5.c3 Bg7 6.a3 Nge7 7.b4 d6 8.b5 Na5 9.e4
Be6 10.a4 Nb3 11.Ng5 Nxa1 12.Nxe6 fxe6 13.Bb2 O-O 14.Na3 Qd7 15.Qxa1 d5 16.d3
a6 17.Qd1 axb5 18.axb5 Nc8 19.Qg4 Ra4 20.Bh3 Re8 21.Qd1 Nb6 22.exd5 Qxd5
23.Bg2 Qa2 24.Qc1 Ra7 25.Be4 Rea8 26.h4 Rxa3 27.Bxa3 Qxa3 28.Qg5 Nd5 29.c4 Nf6
30.Bxb7 Rb8 31.Bc6 Qc3 32.h5 gxh5 33.Kg2 Qd4 34.Re1 Ng4 35.Re2 Rf8 36.Qxh5
Nxf2 37.b6 e4 38.b7 exd3 39.b8=Q dxe2 40.Qxf8+ Bxf8 41.Qxe2 Qd6 42.Ba4 Nd3
43.Bc2 Ne5 44.Kh3 Ng6 45.Qg4 Kg7 46.Be4 Qe5 47.Kg2 Bd6 48.Kh3 Qf6 49.Kg2 h6
50.Qd1 Qe5 51.Qd3 Ne7 52.Qf3 Nf5 53.Qg4+ Kf6 {#R} 0-1

[Event "36th Zalakaros Open 2017"]
[Site "Zalakaros HUN"]
[Date "2017.05.23"]
[Round "6.11"]
[White "Svane,R"]
[Black "Livaic,Leon"]
[Result "1-0"]
[WhiteElo "2573"]
[BlackElo "2464"]

1.Nf3 Nf6 2.g3 b6 3.d4 e6 4.Bg2 Bb7 5.c4 Bb4+ 6.Bd2 c5 7.d5 Bxd2+ 8.Qxd2 O-O
9.Nc3 exd5 10.cxd5 d6 11.O-O Nbd7 12.Nh4 Ne5 13.f4 Ng6 14.Nxg6 hxg6 15.e4 Re8
16.Rfe1 Ng4 17.Rad1 a6 18.h3 Nh6 19.g4 f6 20.e5 fxe5 21.fxe5 dxe5 22.Qd3 Kh7
23.d6 Bxg2 24.Kxg2 Ra7 25.Ne4 Rf8 26.Rf1 Rxf1 27.Rxf1 Rf7 28.Qd5 Rxf1 29.Kxf1
Qf8+ 30.Kg1 Nf7 31.d7 Nd8 32.Qxe5 Nc6 33.Ng5+ Kh6 34.Qe8 {#r} 1-0

[Event "36th Zalakaros Open 2017"]
[Site "Zalakaros HUN"]
[Date "2017.05.23"]
[Round "6.30"]
[White "Gara,T"]
[Black "Munkhgal,G"]
[Result "1-0"]
[WhiteElo "2329"]
[BlackElo "2445"]

1.Nf3 Nf6 2.g3 e6 3.Bg2 b5 4.O-O Bb7 5.d3 Be7 6.e4 d5 7.exd5 exd5 8.a4 b4
9.Nd4 O-O 10.Nf5 Re8 11.Nxe7+ Qxe7 12.Nd2 c5 13.Nb3 d4 14.Bg5 Bxg2 15.Kxg2
Nbd7 16.Bxf6 Qxf6 17.Qf3 Qd6 18.Rfe1 Ne5 19.Qe4 g6 20.Nd2 f5 21.Qf4 Qd5+
22.Nf3 Nf7 23.h4 b3 24.cxb3 Qxb3 25.Rac1 Qxd3 26.Rxe8+ Rxe8 27.Rxc5 Rd8 28.Rc7
Qe4 29.Qxe4 fxe4 30.Nd2 e3 31.fxe3 dxe3 32.Nc4 Re8 33.Kf1 Nh6 34.Nd6 Rf8+
35.Ke2 Ng4 36.Rc8 Kg7 37.Rxf8 Kxf8 38.b4 Nf6 39.Nb5 Ne4 40.Kxe3 Nxg3 41.Nxa7
Ke8 42.b5 Kd7 43.b6 Nf5+ 44.Ke4 Nd6+ 45.Kd5 Nf5 46.a5 h6 47.a6 Ne7+ 48.Kc5 g5
49.Nb5 Kc8 50.a7 Kb7 51.Nc7 {#r} 1-0

[Event "St Louis Spring Classic B"]
[Site "Saint Louis USA"]
[Date "2017.05.24"]
[Round "9.1"]
[White "Gelashvili,T"]
[Black "Abdumalik,Z"]
[Result "1-0"]
[WhiteElo "2563"]
[BlackElo "2420"]

1.Nf3 Nf6 2.e3 g6 3.b4 d5 4.Bb2 Bg7 5.c4 c6 6.a4 a5 7.b5 O-O 8.Be2 Bf5 9.O-O
dxc4 10.Na3 Nd5 11.Bxg7 Kxg7 12.Nxc4 Nb4 13.d4 Nd7 14.bxc6 bxc6 15.Qd2 c5
16.Rfd1 Kg8 17.Rac1 Qb8 18.Ng5 cxd4 19.e4 d3 20.exf5 dxe2 21.Qxe2 Qf4 22.Nh3
Qh6 23.f4 Nf6 24.fxg6 hxg6 25.Qxe7 Nfd5 26.Qe4 Rad8 27.Rd2 Qh5 28.Ng5 Rfe8
29.Ne5 Re7 30.Rcd1 Kg7 31.g4 Qh4 32.Ngxf7 Nxf4 33.Qxf4 Rxd2 34.Rxd2 g5 35.Qe4
Nc6 36.Qg6+ Kf8 37.Rf2 {#r} 1-0

[Event "26th Guillermo Garcia Elite"]
[Site "Santa Clara CUB"]
[Date "2017.05.24"]
[Round "8.5"]
[White "Alvarez Pedraza,A"]
[Black "Gallego Alcaraz,A"]
[Result "1-0"]
[WhiteElo "2483"]
[BlackElo "2448"]

1.Nf3 Nf6 2.g3 g6 3.b3 Bg7 4.Bb2 d6 5.d4 O-O 6.Bg2 Nbd7 7.c4 e5 8.e3 exd4
9.Qxd4 Nc5 10.O-O Bf5 11.Qd1 Qd7 12.Nd4 Bh3 13.Nc3 Rfe8 14.Re1 Nce4 15.f3 Ng5
16.Bh1 h5 17.Qd2 c6 18.Rad1 d5 19.cxd5 cxd5 20.Nce2 Qd6 21.Nf4 Bd7 22.Bg2 Rad8
23.Rc1 h4 24.gxh4 Ngh7 25.Nde2 Bh6 26.Bd4 b6 27.Ng3 Re7 28.Nd3 Bb5 29.a4 Ba6
30.Nb4 Bb7 31.Bf1 Nd7 32.Nd3 Rde8 33.b4 Nhf8 34.Bh3 Ne6 35.Bxe6 Rxe6 36.f4 Ba6
37.b5 Bb7 38.h5 Kh7 39.hxg6+ Rxg6 40.Kh1 Nc5 41.Nxc5 bxc5 42.Rxc5 Qe7 43.Rec1
Qh4 44.Qf2 Rxe3 45.Qxe3 Bxf4 46.Qe8 {#r} 1-0

[Event "14th Orlova Open 2017"]
[Site "Orlova CZE"]
[Date "2017.05.24"]
[Round "5.4"]
[White "Kolar,St"]
[Black "Weinzettl,E"]
[Result "0-1"]
[WhiteElo "2108"]
[BlackElo "2293"]

1.Nf3 Nf6 2.e3 g6 3.b3 Bg7 4.Bb2 O-O 5.c4 c5 6.Be2 b6 7.O-O Bb7 8.Qc2 Nc6 9.a3
d5 10.d3 Re8 11.Nc3 e5 12.cxd5 Nxd5 13.Rfd1 Rc8 14.Nxd5 Qxd5 15.Qc3 Na5
16.Rab1 Nxb3 17.e4 Nd4 18.Nxd4 exd4 19.Qd2 Qe6 20.Bf3 Bc6 21.h3 Qd6 22.Bg4 Bd7
23.Bf3 Be5 24.Bc1 b5 25.Bg4 Bxg4 26.hxg4 Qd7 27.f4 Bg7 28.Qa5 Qxg4 29.Rf1 c4
30.Qxb5 cxd3 31.Qxd3 Rc3 32.Qd1 Qd7 33.e5 Qd5 34.Rb4 Rg3 35.Rf2 d3 36.Kh2 a5
37.Rb1 d2 38.Kxg3 Qd3+ 39.Kh2 Qxb1 40.Rxd2 Bf8 41.Qc2 Qb7 42.Qa4 Qe7 43.Rd3
Rd8 44.Rh3 Qc5 45.Be3 Qxa3 46.Qc6 Qe7 47.Bb6 Qd7 48.Qf3 Rc8 49.Bxa5 Qf5 50.Bd2
Rd8 51.Bc3 h5 52.Qe3 Bh6 53.Rf3 Qg4 54.Be1 Rc8 55.Bd2 Rc4 56.Rf2 Qh4+ 57.Kg1
Bf8 58.g3 Qg4 59.Qf3 Bc5 60.Be3 Rc1+ 61.Kg2 Bxe3 62.Qxe3 Qd1 63.Kh3 Qh1+
64.Rh2 Qf1+ 65.Kh4 Qd1 66.Qe2 Qd8+ 67.Kh3 Qc8+ 68.Kh4 Rc2 {#R} 0-1

[Event "15th Somov Memorial 2017"]
[Site "Kirishi RUS"]
[Date "2017.05.25"]
[Round "8.5"]
[White "Pultinevicius,Paulius"]
[Black "Kaasen,Tor Fredrik"]
[Result "1-0"]
[WhiteElo "2395"]
[BlackElo "2402"]

1.Nf3 Nf6 2.g3 b5 3.Na3 b4 4.Nc4 e6 5.Bg2 d5 6.Nce5 Bd6 7.O-O O-O 8.d4 c5
9.dxc5 Bxc5 10.Bg5 h6 11.Bxf6 Qxf6 12.Nd3 Bd6 13.Nd2 Bb7 14.e4 dxe4 15.Nxe4
Qe7 16.Nxd6 Bxg2 17.Kxg2 Qxd6 18.a3 bxa3 19.Rxa3 Nc6 20.Nf4 Nd4 21.Rd3 Qc6+
22.Kg1 e5 23.c3 Nf5 24.Nd5 e4 25.Rd2 Rfe8 26.Re1 Kh8 27.Ne3 Nxe3 28.Rxe3 Rab8
29.b4 f5 30.Rd5 Qf6 31.Qa4 g5 32.Qxa7 Rbd8 33.Rxd8 Rxd8 34.Qa4 Qe6 35.b5 Rd2
36.Qb4 Rd1+ 37.Kg2 Qf7 38.Qa4 Qd7 39.c4 Rd4 40.Qa8+ Kg7 41.Rc3 f4 42.gxf4 Rxc4
43.fxg5 hxg5 44.b6 Qg4+ 45.Rg3 Qf4 46.Qa1+ Kg6 47.Qb1 Rc1 48.Qb3 e3 49.Qg8+
Kf5 50.Qf7+ Ke5 51.Rxe3+ Kd4 52.Qd7+ Kc5 53.Qc8+ Kxb6 54.Qxc1 Qg4+ 55.Kh1 {#r}
1-0

[Event "26th Chicago Open 2017"]
[Site "Chicago USA"]
[Date "2017.05.26"]
[Round "3.47"]
[White "Rizzitano,J"]
[Black "Mathur,Rithwik"]
[Result "0-1"]
[WhiteElo "2296"]
[BlackElo "2073"]
[EventType "swiss"]

1.Nf3 Nf6 2.g3 e6 3.Bg2 d5 4.O-O c5 5.d3 Nc6 6.Nbd2 g6 7.e4 Bg7 8.exd5 Nxd5
9.Ne4 b6 10.c4 Nde7 11.h4 h6 12.Rb1 Rb8 13.a3 a5 14.Qe2 e5 15.Bd2 Bg4 16.Bc3
O-O 17.Qc2 Qd7 18.Nh2 f5 19.Nxg4 fxe4 20.Ne3 exd3 21.Qa4 Qd8 22.Be4 Nd4 23.Kg2
Ndf5 24.Nd5 Kh7 25.Nxe7 Qxe7 26.h5 gxh5 27.Qd1 Qg5 28.Qxd3 Rbd8 29.Bxf5+ Rxf5
30.Qe4 Qg6 31.Rbe1 Rdf8 32.Re3 Kh8 33.Rf3 Qe6 34.Rxf5 Rxf5 35.Rd1 Qg6 36.Kg1
Qf6 37.Rd2 Rg5 38.Kg2 Rg4 39.Qb7 Rxc4 40.Qc7 Rg4 41.Bxe5 Qxe5 {#R} 0-1

[Event "36th Zalakaros Open 2017"]
[Site "Zalakaros HUN"]
[Date "2017.05.26"]
[Round "9.9"]
[White "Efimenko,Z"]
[Black "Studer,N"]
[Result "1-0"]
[WhiteElo "2648"]
[BlackElo "2498"]

1.Nf3 d5 2.e3 Nf6 3.c4 e6 4.b3 Be7 5.Bb2 O-O 6.d4 c5 7.Bd3 cxd4 8.exd4 Nc6
9.Nbd2 dxc4 10.bxc4 a6 11.a4 Rb8 12.O-O b5 13.cxb5 axb5 14.axb5 Nb4 15.Bc4 Bd7
16.Ne5 Bxb5 17.Bxb5 Rxb5 18.Ra7 Nbd5 19.Ndc4 Bb4 20.Qa4 Qe8 21.Nd7 Nxd7
22.Qxb5 N7b6 23.Qxe8 Rxe8 24.Nxb6 Nxb6 25.Rfa1 h5 26.g3 Nd5 27.Ra8 Rxa8
28.Rxa8+ Kh7 29.Kg2 Be7 30.Bc1 Kg6 31.Kf3 Bg5 32.Bxg5 Kxg5 33.h3 Kf6 34.Rd8 g6
35.Ke4 Nb4 36.Rd7 Kg7 37.Rb7 Nd5 38.Ke5 Nc3 39.Rc7 Nd5 40.Rc5 Nf6 41.Rb5 Nd7+
42.Kd6 Nf6 43.f3 Ne8+ 44.Ke7 Nf6 45.g4 hxg4 46.hxg4 Ng8+ 47.Kd8 Kf8 48.g5 Ne7
49.Kd7 Nf5 50.Rxf5 gxf5 51.f4 Kg8 52.Ke8 Kg7 53.Ke7 Kg8 54.g6 fxg6 55.Kxe6 g5
56.d5 {#r} 1-0

[Event "TCh-FRA Top 12 2017"]
[Site "Chartres FRA"]
[Date "2017.05.23"]
[Round "6.4"]
[White "Touzane,O"]
[Black "Barbini,D"]
[Result "1-0"]
[WhiteElo "2277"]
[BlackElo "2101"]

1.Nf3 d5 2.g3 c6 3.Bg2 Bg4 4.O-O Nd7 5.d3 e5 6.h3 Bxf3 7.Bxf3 Bc5 8.e4 dxe4
9.Bxe4 Ne7 10.Nd2 O-O 11.Bg2 Qc7 12.a4 a5 13.Nb3 Bb6 14.d4 Rad8 15.c3 Nc5
16.Nxc5 Bxc5 17.Qh5 Bd6 18.dxe5 Bxe5 19.Re1 Bf6 20.Be3 Nd5 21.Bc5 Rfe8 22.Bxd5
Rxe1+ 23.Rxe1 cxd5 24.Qxd5 g6 25.Qf3 Kg7 26.Be3 Qd7 27.Qg4 Qd3 28.h4 Rd5
29.Qf3 Qc4 30.Bf4 b5 31.Re4 Qc6 32.axb5 Rxb5 33.Qe3 h5 34.Bh6+ Kh7 35.Bf8 Bg7
36.Ba3 Rd5 37.Qf3 Rf5 38.Qe2 Bf6 39.c4 Qb7 40.c5 Rd5 41.Rf4 Be5 42.c6 Qc7
43.Qf3 Bxf4 44.Qxd5 Be5 45.Kg2 Kg7 46.b3 Bf6 47.Bc5 Be5 48.Qd7 Qb8 49.Qe7 Qc7
50.Qe8 Bf6 51.Bf8+ Kh7 52.f4 Bd4 53.Be7 Bg7 54.Bc5 Bf6 55.Kf3 Bg7 56.Ke4 f5+
57.Kd5 a4 58.bxa4 Qa5 59.Qd7 Qxa4 60.Kd6 Kh6 61.Ke6 Qe4+ 62.Kf7 Qc4+ 63.Qe6
{#r} 1-0

[Event "TCh-FRA Top 12 2017"]
[Site "Chartres FRA"]
[Date "2017.05.23"]
[Round "6.6"]
[White "Frih,A"]
[Black "Delorme,Ax"]
[Result "0-1"]
[WhiteElo "2225"]
[BlackElo "2514"]

1.Nf3 d5 2.g3 g6 3.c4 d4 4.Bg2 Bg7 5.O-O e5 6.d3 Ne7 7.Na3 O-O 8.Rb1 h6 9.Nc2
c6 10.b4 Be6 11.Nd2 Qc7 12.Nb3 Nd7 13.a4 Rad8 14.Bd2 Kh7 15.a5 a6 16.e3 dxe3
17.fxe3 e4 18.Bxe4 Nf6 19.Ncd4 Bxc4 20.Bxg6+ fxg6 21.dxc4 Qe5 22.Qe2 Ne4
23.Rxf8 Rxf8 24.Rf1 Rd8 25.Be1 Nc8 26.Qg4 Ng5 27.h4 Qxe3+ 28.Bf2 Qe4 29.Qxe4
Nxe4 30.Ne6 Re8 31.Nxg7 Kxg7 32.Bd4+ Kg8 33.Kg2 Ncd6 34.Re1 Nxc4 35.Nc5 Ncd6
36.Be3 Nxc5 37.bxc5 Nf5 38.Bf2 Rxe1 39.Bxe1 Nd4 40.Bc3 Ne6 41.Bb4 Nd4 42.Bc3
Nf5 43.Kf3 Kf7 44.Be5 Ke6 45.Ke4 h5 46.Bf4 Ne7 47.Bd6 Nd5 48.Be5 Nf6+ 49.Bxf6
Kxf6 50.Kf4 g5+ 51.Ke4 gxh4 52.gxh4 Ke6 53.Kf4 Kd5 54.Kg5 Kxc5 55.Kxh5 Kb4
56.Kg4 c5 57.Kf3 c4 58.Ke2 Kb3 {#R} 0-1

[Event "TCh-FRA Top 12 2017"]
[Site "Chartres FRA"]
[Date "2017.05.24"]
[Round "7.4"]
[White "Ragger,M"]
[Black "Ouakhir,M"]
[Result "1-0"]
[WhiteElo "2680"]
[BlackElo "2277"]

1.Nf3 d5 2.g3 Bg4 3.Bg2 c6 4.O-O Nd7 5.h3 Bxf3 6.Bxf3 Ngf6 7.d4 e5 8.c4 dxc4
9.Nd2 exd4 10.Nxc4 b5 11.Nd2 Qb6 12.Nb3 Ne5 13.Qxd4 Nxf3+ 14.exf3 Qxd4 15.Nxd4
Kd7 16.Rd1 Kc7 17.Be3 Kb7 18.Rac1 Rc8 19.Nb3 Ka6 20.Rd3 Be7 21.Rdc3 Bb4
22.R3c2 Rhd8 23.a3 Bd6 24.Rxc6+ Rxc6 25.Rxc6+ Kb7 26.Na5+ Ka8 27.Bg5 Be5 28.b4
h6 29.Bxf6 gxf6 30.Kg2 {#r} 1-0

[Event "TCh-FRA Top 12 2017"]
[Site "Chartres FRA"]
[Date "2017.05.25"]
[Round "8.1"]
[White "Malakhov,V"]
[Black "Rodshtein,M"]
[Result "1-0"]
[WhiteElo "2712"]
[BlackElo "2698"]

1.Nf3 Nf6 2.g3 d5 3.Bg2 c6 4.O-O Bg4 5.d3 Nbd7 6.h3 Bh5 7.Nbd2 e5 8.e4 Be7
9.Qe1 O-O 10.Nh4 Re8 11.Nf5 Bf8 12.Nb3 Qc7 13.a4 h6 14.Nh4 dxe4 15.dxe4 c5
16.Nd2 c4 17.Nb1 Nc5 18.g4 Bg6 19.Nxg6 fxg6 20.Nc3 Ne6 21.Nd5 Qf7 22.Qc3 Nd4
23.Qxc4 Rac8 24.Nxf6+ gxf6 25.Qxf7+ Kxf7 26.c3 Nb3 27.Rb1 Red8 28.Bf3 Nxc1
29.Rfxc1 Rd2 30.Rd1 Rcd8 31.Rxd2 Rxd2 32.Kf1 a5 33.Be2 f5 34.Ke1 Rd8 35.gxf5
gxf5 36.exf5 e4 37.Bc4+ Kf6 38.Ke2 Kxf5 39.Rg1 b6 40.Bf7 Rd6 41.Rg4 Be7 42.Bg8
Bg5 43.Bh7+ Kf6 44.h4 Bc1 45.b4 Rd2+ 46.Kf1 axb4 47.cxb4 Ra2 48.Bxe4 Rxa4
49.Bc6 Ra1 50.h5 Bg5+ 51.Kg2 Rc1 52.b5 Rc2 53.Re4 Rd2 54.Kg3 Kf5 55.Rc4 Rd3+
56.f3 Ke5 57.Re4+ Kf5 58.Bb7 Rc3 59.Bd5 Re3 60.Rc4 Re1 61.Be4+ Ke5 62.Bg6 Rg1+
63.Kf2 {#r} 1-0

[Event "TCh-FRA Top 12 2017"]
[Site "Chartres FRA"]
[Date "2017.05.26"]
[Round "9.2"]
[White "Guichard,P"]
[Black "Leconte,M"]
[Result "0-1"]
[WhiteElo "2312"]
[BlackElo "2174"]

1.Nf3 d5 2.g3 Nc6 3.d4 Bf5 4.Bg2 Qd7 5.c4 e6 6.O-O O-O-O 7.Nc3 Nf6 8.Bg5 Be7
9.Rc1 Ne4 10.Bxe7 Qxe7 11.c5 e5 12.Nxe5 Nxe5 13.dxe5 Qxe5 14.Qa4 Nxc5 15.Qxa7
Na6 16.Na4 Rd6 17.Rfd1 Qxe2 18.Bxd5 Qb5 19.Qa8+ Nb8 20.Nc5 c6 21.a4 Qxb2
22.Be4 Bxe4 23.Nxe4 Rxd1+ 24.Rxd1 Qb4 25.Nd2 Qb6 26.Nc4 Qa6 27.Nd6+ Kc7
28.Qxa6 Nxa6 29.Nxf7 Re8 30.Rd4 Re7 31.Ng5 h6 32.Nf3 b5 33.axb5 cxb5 34.Nd2
Rd7 35.Nb3 Rxd4 36.Nxd4 b4 37.Kf1 Nc5 38.Ke2 g6 39.f4 Kd6 40.f5 gxf5 41.Nxf5+
Kd5 42.Nxh6 b3 43.Kd2 Kc4 44.Nf5 Ne4+ 45.Kd1 Kc3 46.Ne3 b2 47.Nd5+ Kb3 {#R}
0-1

[Event "TCh-FRA Top 12 2017"]
[Site "Chartres FRA"]
[Date "2017.05.26"]
[Round "9.3"]
[White "Vitoux,C"]
[Black "Bellahcene,B"]
[Result "0-1"]
[WhiteElo "2382"]
[BlackElo "2452"]

1.Nf3 d5 2.g3 g6 3.Bg2 Bg7 4.O-O e5 5.d3 Ne7 6.e4 O-O 7.c3 Nbc6 8.b4 a6 9.Qc2
h6 10.Nbd2 Be6 11.Bb2 Qd7 12.a3 Rad8 13.Rfe1 g5 14.exd5 Nxd5 15.Nb3 Qc8 16.Nc5
Bh3 17.Bxh3 Qxh3 18.Qe2 Qc8 19.c4 Nb6 20.Rad1 Rfe8 21.Ba1 Nd7 22.Nb3 Nf8 23.b5
Nb8 24.a4 Ng6 25.Nfd2 c6 26.bxa6 Nxa6 27.Bc3 f5 28.Qh5 Rd6 29.Nf3 Rde6 30.d4
exd4 31.Nbxd4 Rxe1+ 32.Rxe1 Rxe1+ 33.Nxe1 Qe8 34.Nef3 Qf7 35.g4 Nf4 36.Qxf7+
Kxf7 37.gxf5 g4 38.Ne6 Bxc3 {#R} 0-1

[Event "TCh-FRA Top 12 2017"]
[Site "Chartres FRA"]
[Date "2017.05.26"]
[Round "9.6"]
[White "Li Chao2"]
[Black "Colin,V"]
[Result "1-0"]
[WhiteElo "2722"]
[BlackElo "2381"]

1.Nf3 d5 2.g3 h5 3.d4 Bg4 4.Bg2 Nc6 5.c4 e6 6.cxd5 exd5 7.Nc3 Qd7 8.h3 Bxf3
9.Bxf3 Bb4 10.O-O Nge7 11.Bg2 h4 12.g4 O-O-O 13.Bf4 Bxc3 14.bxc3 f5 15.e3 Na5
16.Bg5 Rde8 17.Qf3 fxg4 18.Qxg4 Nf5 19.Rae1 Nc4 20.e4 dxe4 21.Rxe4 Rxe4
22.Bxe4 Nfd6 23.Bg6 Qxg4+ 24.hxg4 Rf8 25.f3 Nb5 26.Kg2 Nxc3 27.Rc1 h3+ 28.Kxh3
Rxf3+ 29.Kg2 Re3 30.Bf5+ Kb8 31.Bxe3 Nxe3+ 32.Kf3 Ned5 33.Be6 c6 34.Bxd5 Nxd5
35.Rh1 b5 36.Rh8+ Kb7 37.Rh7 b4 38.Rxg7+ Kb6 39.g5 {#r} 1-0

[Event "TCh-FRA Top 12 2017"]
[Site "Chartres FRA"]
[Date "2017.05.27"]
[Round "10.2"]
[White "Bacrot,E"]
[Black "Palac,M"]
[Result "1-0"]
[WhiteElo "2696"]
[BlackElo "2573"]

1.Nf3 d5 2.g3 g6 3.Bg2 Bg7 4.d4 Nf6 5.O-O O-O 6.Nbd2 Na6 7.b3 c5 8.Bb2 b6 9.e3
Bb7 10.c4 dxc4 11.bxc4 e6 12.Qb3 Qc7 13.Rfd1 Nd7 14.Rac1 Rfe8 15.Nb1 cxd4
16.exd4 Rad8 17.Na3 Qb8 18.Nb5 e5 19.Nxe5 Nxe5 20.Bxb7 Qxb7 21.dxe5 Rxd1+
22.Rxd1 Bxe5 23.Re1 Qb8 24.Qe3 f6 25.Bc3 Kf8 26.Rd1 Re7 27.Bxe5 fxe5 28.Qg5
Qe8 29.Nd6 Qd7 30.Rd5 Qe6 31.Ne4 Kg7 32.Rd6 Qf7 33.Rf6 Qxc4 34.Nd6 {#r} 1-0

[Event "TCh-FRA Top 12 2017"]
[Site "Chartres FRA"]
[Date "2017.05.27"]
[Round "10.4"]
[White "Malakhov,V"]
[Black "Laznicka,V"]
[Result "0-1"]
[WhiteElo "2712"]
[BlackElo "2672"]

1.Nf3 d5 2.g3 Bg4 3.Bg2 Nd7 4.O-O e6 5.h3 Bh5 6.d4 Ngf6 7.c4 c6 8.cxd5 cxd5
9.Nc3 Be7 10.Qb3 Bxf3 11.Bxf3 Qb6 12.Qxb6 Nxb6 13.b3 Kd7 14.Bb2 Rhc8 15.Rfc1
Rc6 16.e3 Rac8 17.Be2 a6 18.Bd3 Bb4 19.Ne2 Nc4 20.bxc4 dxc4 21.d5 Nxd5 22.Be4
c3 23.Rc2 cxb2 24.Rxb2 Rc4 25.Bxd5 exd5 26.a3 Bd6 27.Rxb7+ R8c7 28.Rb6 Ra4
29.Rb3 Ra5 30.Ra2 Rc4 31.Nd4 Be5 32.Rb7+ Rc7 33.Rb4 g6 34.Kf1 Rc4 35.Rb7+ Rc7
36.Rb4 Rc3 37.Rb7+ Ke8 38.Nf3 Bf6 39.Rb8+ Ke7 40.Rb7+ Kf8 41.Rb6 Kg7 42.a4 Rc4
43.Rd6 Rcxa4 44.Rxa4 Rxa4 45.Rxd5 a5 46.Nd4 Ra2 47.Rd7 a4 48.Ra7 a3 49.Ne6+
Kh6 50.Nd4 Bxd4 {#R} 0-1

[Event "chess.com Speed 5m+2spm 2017"]
[Site "chess.com INT"]
[Date "2017.05.24"]
[Round "1.5"]
[White "Meier,Geo"]
[Black "Karjakin,Sergey"]
[Result "0-1"]
[WhiteElo "2630"]
[BlackElo "2783"]

1.Nf3 Nf6 2.g3 d5 3.Bg2 Bg4 4.h3 Bh5 5.O-O e6 6.c4 c6 7.d3 Nbd7 8.cxd5 exd5
9.Nc3 Be7 10.e4 O-O 11.exd5 Nxd5 12.Nxd5 cxd5 13.Be3 Nc5 14.d4 Ne4 15.Qb3 Bxf3
16.Bxf3 Qd7 17.Bg2 Kh8 18.Rac1 Rac8 19.h4 f5 20.Rfd1 Bf6 21.a4 a6 22.Qb6 h6
23.Qb3 Rfe8 24.Bf3 Kh7 25.Kg2 Rf8 26.Bf4 Rfe8 27.a5 Rc6 28.Rxc6 bxc6 29.Qb6
Re6 30.Qb8 Re8 31.Qb6 Re6 32.Qc7 Re7 33.Qxd7 Rxd7 34.Be3 Rb7 35.Rc1 Rxb2
36.Rxc6 Nxf2 37.Bc1 Ra2 38.Bxd5 Rxa5 39.Bf7 Ne4 40.h5 g5 41.Bg6+ Kg7 42.g4
Ra2+ 43.Kf1 Bxd4 44.Bxf5 Ng3+ 45.Ke1 Nxf5 46.gxf5 a5 47.Rg6+ Kf7 48.Rxh6 g4
49.Rg6 Rg2 50.Bf4 a4 51.Ra6 Ra2 52.h6 a3 53.h7 Kg7 54.Ra7+ Bxa7 {#R} 0-1

[Event "chess.com Speed 1m+1spm 2017"]
[Site "chess.com INT"]
[Date "2017.05.24"]
[Round "1.19"]
[White "Meier,Geo"]
[Black "Karjakin,Sergey"]
[Result "0-1"]
[WhiteElo "2630"]
[BlackElo "2783"]

1.Nf3 d5 2.g3 c6 3.Bg2 Bg4 4.h3 Bh5 5.c4 e6 6.O-O Nf6 7.d3 Be7 8.Qb3 Qb6 9.Be3
Qxb3 10.axb3 a6 11.g4 Bg6 12.Ne5 Nbd7 13.Nxg6 hxg6 14.Nc3 O-O 15.Rac1 Rfd8
16.Rc2 Bb4 17.d4 Ne8 18.Na2 Be7 19.Nc1 Nd6 20.Nd3 f5 21.f3 Kf7 22.Bf2 Kg8
23.Re1 Bf6 24.e4 dxe4 25.fxe4 Nxe4 26.Bxe4 fxe4 27.Rxe4 Kf7 28.Rce2 Re8 29.Bg3
g5 30.Kg2 Rad8 31.Bc7 Rc8 32.Bd6 Rcd8 33.Kg3 Rc8 34.Rf2 Kg6 35.Kg2 Rcd8 36.h4
gxh4 37.Nf4+ Kh7 38.Nxe6 Kg8 39.g5 Bxd4 40.Rxd4 Rxe6 41.Bc7 c5 42.Rdd2 Rde8
43.Rxd7 Rg6 44.Bf4 Rb6 45.Rf3 Re2+ 46.Kh3 Rxb2 47.Rxg7+ Kxg7 48.Be5+ Kg6
49.Bxb2 Kxg5 50.Bc1+ Kg6 51.Kxh4 Re6 52.Rd3 b5 53.Rc3 Re4+ 54.Kg3 Kf5 55.Be3
Rg4+ 56.Kf3 Rh4 57.Rc2 Rh3+ 58.Ke2 Ke4 {#R} 0-1

[Event "chess.com Speed 1m+1spm 2017"]
[Site "chess.com INT"]
[Date "2017.05.24"]
[Round "1.25"]
[White "Meier,Geo"]
[Black "Karjakin,Sergey"]
[Result "0-1"]
[WhiteElo "2630"]
[BlackElo "2783"]

1.Nf3 d5 2.g3 c6 3.Bg2 Bg4 4.h3 Bh5 5.c4 e6 6.O-O Nf6 7.d3 Be7 8.Qb3 Qb6 9.Be3
Qxb3 10.axb3 a6 11.g4 Bg6 12.Ne5 Nbd7 13.Nxg6 hxg6 14.Nc3 O-O 15.Rac1 Rfc8
16.d4 b5 17.Rc2 Nb6 18.cxd5 cxd5 19.Rfc1 Nfd7 20.Bd2 f5 21.Nxd5 exd5 22.Bxd5+
Kf8 23.Bxa8 Rxa8 24.Rc7 Nf6 25.Rb7 Nbd5 26.f3 b4 27.Rc6 a5 28.g5 Ne8 29.Rd7
Rd8 30.Rxd8 Bxd8 31.e4 Ndc7 32.d5 Nb5 33.Be3 Kf7 34.e5 Nec7 35.e6+ Ke8 36.Rb6
Nxd5 37.Rxb5 Nxe3 38.h4 Nc2 39.Kf2 Nd4 40.Rb7 Nxe6 41.Ke3 Kf8 42.Ke2 Nd4+
43.Ke3 Nxb3 44.Rd7 Be7 45.Ke2 a4 46.Ra7 a3 47.bxa3 bxa3 48.Kd3 a2 {#R} 0-1

[Event "chess.com Speed 1m+1spm 2017"]
[Site "chess.com INT"]
[Date "2017.05.25"]
[Round "1.20"]
[White "Giri,A"]
[Black "So,W"]
[Result "1-0"]
[WhiteElo "2785"]
[BlackElo "2815"]

1.Nf3 d5 2.g3 c6 3.Bg2 Bg4 4.O-O Nd7 5.h3 Bh5 6.d3 Ngf6 7.Qe1 e5 8.e4 dxe4
9.dxe4 Be7 10.Nh4 O-O 11.Nd2 Qc7 12.f4 exf4 13.gxf4 Rfe8 14.Kh1 Bb4 15.c3 Bf8
16.e5 Nd5 17.Ne4 Nc5 18.Ng3 Bg6 19.Nxg6 hxg6 20.Bxd5 cxd5 21.Be3 Ne6 22.Rd1
Rad8 23.Qe2 Bc5 24.Bd4 Qb6 25.Qf2 Bxd4 26.cxd4 Rc8 27.f5 Ng5 28.h4 Ne4 29.Nxe4
dxe4 30.e6 fxe6 31.fxg6 Qd8 32.Qf7+ Kh8 33.Qf4 Qd5 34.Rde1 e5 35.Qf5 {#r} 1-0

[Event "36th Zalakaros Open 2017"]
[Site "Zalakaros HUN"]
[Date "2017.05.25"]
[Round "8.21"]
[White "Praggnanandhaa,R"]
[Black "Li Bo"]
[Result "0-1"]
[WhiteElo "2471"]
[BlackElo "2359"]

1.Nf3 d5 2.g3 Nf6 3.Bg2 c6 4.O-O Bf5 5.d3 e6 6.Nh4 Bg6 7.Nxg6 hxg6 8.Nd2 Nbd7
9.e4 Qc7 10.Qe2 Qe5 11.Re1 dxe4 12.dxe4 Bc5 13.c3 Qh5 14.Qxh5 Rxh5 15.Bf3 Rh8
16.e5 Nd5 17.Kg2 Bb6 18.Nc4 Bc7 19.a4 Nc5 20.Bg5 {#R} 0-1